Herefordshire Places - Sudden Death - Statistics

General Stats
  • This quiz has been taken 31 times
  • The average score is 6 of 8
Answers on the Grid
Answers color-coded by a green-red scale on the quiz's grid according to % correct below.
Credenhill
Lugwardine
Bromyard
Burton-upon-Trent
Canterbury
Crewe
Droitwich Spa
Dudley
Grantham
Hereford
Kington
Ledbury
Leominster
Oswestry
Ross-on-Wye
Salisbury
Telford
Tewkesbury
Thornbury
Yeovil
 
Answer Stats
Answer % Correct
Hereford
91%
Ledbury
83%
Ross-on-Wye
78%
Bromyard
74%
Leominster
70%
Lugwardine
65%
Kington
61%
Credenhill
43%
No matching quizzes found
Score Distribution
Percent of People with Each Score
Percentile by Number Answered
Your Score History
You have not taken this quiz